| 000 | 00675nam a22002057a 4500 | ||
|---|---|---|---|
| 003 | OSt | ||
| 005 | 20260313010809.0 | ||
| 008 | 260313b |||||||| |||| 00| 0 eng d | ||
| 020 | _a971-23-3992-0. | ||
| 040 |
_aDWCL Main lib _cOC |
||
| 082 |
_2Rev. ed. _aFil. 513.13 B981 2004 |
||
| 100 | _aAltares, Priscila S. et al. | ||
| 245 |
_aBusiness mathematics : _bcomprehensive approach Rev. ed. _cPriscila S. Altares et al. |
||
| 250 | _aRev. ed. | ||
| 260 |
_aManila : _bRex Book Store, _cc2004. |
||
| 300 |
_ax, 291 p. ; _c25 cm. |
||
| 504 | _aIncludes bibliographical references and index. | ||
| 650 | _a1. Business mathematics. | ||
| 942 |
_2ddc _cBK - FIL _eRev ed. _kFil. _n0 |
||
| 999 |
_c9079 _d9079 |
||